000 00208 a2200097 4500
001 28480
100 _aMillman, J
245 _aElectronic Devices & Circuits
260 _a
_bMcgraw
_c
090 _c19089
_d19089
942 _aNUST-CAE
_cM
_c10101
999 _c263553
_d263553